Derecho a la vivienda / (Registro nro. 4635)

Detalles MARC
000 -LEADER
fixed length control field 01098nam a2200265Ia 4500
003 - CONTROL NUMBER IDENTIFIER
control field OSt
005 - DATE AND TIME OF LATEST TRANSACTION
control field 20200908155524.0
008 - FIXED-LENGTH DATA ELEMENTS--GENERAL INFORMATION
fixed length control field 191128s2011 ck a gr 000 0 spa d
020 ## - INTERNATIONAL STANDARD BOOK NUMBER
International Standard Book Number 9789586441490
040 ## - CATALOGING SOURCE
Original cataloging agency CO-JMCR
Transcribing agency CO-JMCR
041 0# - LANGUAGE CODE
Language code of text/sound track or separate title spa
082 04 - DEWEY DECIMAL CLASSIFICATION NUMBER
Classification number 363.509861 /
Item number C822d
Edition number 23
100 1# - MAIN ENTRY--PERSONAL NAME
Personal name Coronado Delgado, Sergio,
Relator term autor
9 (RLIN) 4457
245 10 - TITLE STATEMENT
Title Derecho a la vivienda /
Statement of responsibility, etc. Sergio Coronado Delgado, Javier Lautaro Medina, Luis Alejandro Delgado, [ y otros 2]
260 ## - PUBLICATION, DISTRIBUTION, ETC.
Place of publication, distribution, etc. Bogotá :
Name of publisher, distributor, etc. Cinep,
Date of publication, distribution, etc. 2011
300 ## - PHYSICAL DESCRIPTION
Extent 60 páginas :
Other physical details ilustraciones a blanco y negro ;
Dimensions 22 cm.
490 0# - SERIES STATEMENT
Series statement Documentos Dhesc
504 ## - BIBLIOGRAPHY, ETC. NOTE
Bibliography, etc. note Bibliografía : páginas 58-60
505 0# - FORMATTED CONTENTS NOTE
Formatted contents note La vivienda es un derecho fundamental -- Vivienda adecuada -- Marco normativo del derecho a la vivienda adecuada -- La política pública de vivienda en Colombia
650 14 - SUBJECT ADDED ENTRY--TOPICAL TERM
Topical term or geographic name entry element Vivienda
General subdivision legislación
Geographic subdivision Colombia
9 (RLIN) 9983
650 14 - SUBJECT ADDED ENTRY--TOPICAL TERM
Topical term or geographic name entry element Preguntas y respuestas
General subdivision derecho a la vivienda
Geographic subdivision Colombia
9 (RLIN) 9984
700 1# - ADDED ENTRY--PERSONAL NAME
Personal name Lautaro Medina, Javier,
Relator term autor
9 (RLIN) 9985
700 1# - ADDED ENTRY--PERSONAL NAME
Personal name Delgado, Luis Alejandro,
Relator term autor
9 (RLIN) 9986
942 ## - ADDED ENTRY ELEMENTS (KOHA)
Source of classification or shelving scheme Dewey Decimal Classification
Koha item type Books
Existencias
Withdrawn status Lost status Source of classification or shelving scheme Damaged status Not for loan Collection code Home library Current library Date acquired Source of acquisition Full call number Barcode Date last seen Copy number Koha item type
    Dewey Decimal Classification     Non-fiction Biblioteca Pública José María del Castillo y Rada Biblioteca Pública José María del Castillo y Rada 07/15/2019 Donación 363.509861 / C822d 201809577 05/16/2024 Ej.1 Books